000 00266nam a22001217a 4500
041 _aENG
100 _aJohnson .E.F
245 _aAutomatic Process Control
260 _aNew York
_bMcgraw-Hill Company
_c1967
300 _a272
650 _aAPE
856 _uAPE ( 3 )
999 _c2498
_d2498